000 00462nam a2200181 a 4500
001 000003722
003 DO-SdBNP
005 20171103110118.0
008 171103b xxu||||| |||| 00| 0 spa d
020 _a9789945162776
040 _aBPMSU
_bspa
_cBPMSU
049 _a
100 1 _aMéndez, Wagner
245 1 0 _aEmprendedores :
260 _aSanto Domingo :
_bWagner Management Group ; Búho,
_c2009.
942 _2ddc
_cBK
945 _aInventariado, 2017/MFF
999 _c12544
_d12544